[Event "CZE-ch Betsys Online Blitz"]
[Site "Chess.com INT"]
[Date "2021.04.17"]
[Round "9"]
[White "Drahoradova, Zuzana"]
[Black "Kovacs, Ivan1111"]
[Result "1-0"]
[WhiteElo "1683"]
[BlackElo "1469"]
[PlyCount "65"]
[EventDate "2021.04.17"]
[EventType "swiss (blitz)"]
[EventRounds "13"]
[EventCountry "CZE"]
[SourceTitle "CBM 201 Extra"]
[Source "ChessBase"]
[SourceDate "2021.05.31"]
[SourceVersion "1"]
[SourceVersionDate "2021.05.31"]
[SourceQuality "1"]

1. e4 e5 2. Nf3 d6 3. Bc4 Nc6 4. 0-0 Bg4 5. c3 g6 6. h3 Bxf3 7. Qxf3 Nf6 8. d3 Bg7 9. Bg5 0-0 10. Nd2 a6 11. a4 Rb8 12. Nb3 h6 13. Bh4 g5 14. Bg3 Nd7 15. d4 exd4 16. cxd4 Nxd4 17. Nxd4 Bxd4 18. Rab1 Be5 19. Rfd1 Bxg3 20. Qxg3 Ne5 21. Ba2 a5 22. f4 Ng6 23. f5 Nh4 24. e5 Nxf5 25. Qg4 Qd7 26. exd6 cxd6 27. Qf3 b6 28. Rbc1 Nh4 29. Qd3 Qxa4 30. Bb3 Qb4 31. Bc2 Qc5+ 32. Kh1 Qc6 33. Qh7# 1-0

[Event "Prague Golden op 13th"]
[Site "Prague"]
[Date "2017.07.08"]
[Round "8"]
[White "Nemecek, Pavel"]
[Black "Drahoradova, Zuzana"]
[Result "1/2-1/2"]
[WhiteElo "1798"]
[BlackElo "1658"]
[PlyCount "73"]
[EventDate "2017.07.01"]
[EventType "swiss"]
[EventRounds "9"]
[EventCountry "CZE"]
[SourceTitle "CBM 179 Extra"]
[Source "ChessBase"]
[SourceDate "2017.08.23"]
[SourceVersion "1"]
[SourceVersionDate "2017.08.23"]
[SourceQuality "1"]

1. e4 d5 2. exd5 Qxd5 3. Nc3 Qa5 4. d4 c6 5. Nf3 Bf5 6. Bc4 e6 7. 0-0 Nf6 8. Re1 Be7 9. Bf4 Nbd7 10. h3 Nd5 11. Nxd5 cxd5 12. Bb3 0-0 13. Bd2 Qd8 14. Qe2 Bd6 15. Ne5 Rc8 16. Rac1 Re8 17. Qh5 Nxe5 18. dxe5 Bg6 19. Qg4 Bc5 20. h4 h5 21. Qg3 b5 22. c3 Be7 23. Bg5 Bxg5 24. hxg5 Bf5 25. Rcd1 a5 26. Rd4 a4 27. Bd1 g6 28. a3 Rc4 29. Be2 Rxd4 30. cxd4 Qa5 31. Qc3 Qxc3 32. bxc3 Rb8 33. Rc1 Kf8 34. Kh2 Ke7 35. f3 Kd7 36. Ra1 Bc2 37. Rc1 1/2-1/2

[Event "Prague Golden op 13th"]
[Site "Prague"]
[Date "2017.07.04"]
[Round "4"]
[White "Plasek, Zdenek"]
[Black "Drahoradova, Zuzana"]
[Result "1-0"]
[WhiteElo "2002"]
[BlackElo "1658"]
[PlyCount "73"]
[EventDate "2017.07.01"]
[EventType "swiss"]
[EventRounds "9"]
[EventCountry "CZE"]
[SourceTitle "CBM 179 Extra"]
[Source "ChessBase"]
[SourceDate "2017.08.23"]
[SourceVersion "1"]
[SourceVersionDate "2017.08.23"]
[SourceQuality "1"]

1. Nf3 Nf6 2. e3 d5 3. b3 Bf5 4. Bb2 e6 5. c4 c5 6. cxd5 exd5 7. Bb5+ Nbd7 8. 0-0 Be7 9. d4 0-0 10. Nc3 Bg4 11. Be2 Rc8 12. dxc5 Nxc5 13. Nd4 Bxe2 14. Ncxe2 Qd7 15. Ng3 Nfe4 16. Ndf5 Bf6 17. Bxf6 Nxf6 18. Qd4 b6 19. Rfd1 Rfd8 20. Rac1 Ne6 21. Qe5 Rc5 22. Rxc5 bxc5 23. Ne2 Qc7 24. Qc3 a5 25. h3 Qb7 26. Qxa5 Ra8 27. Qd2 Kf8 28. Nc3 Nc7 29. Qc2 Qb6 30. Na4 Qc6 31. Nd4 Qd6 32. Nxc5 Rxa2 33. Qxa2 Qxc5 34. Qc2 Qb6 35. Rc1 Na6 36. Qc6 Qa5 37. Qd6+ 1-0

[Event "Klatovy op-B 22nd"]
[Site "Klatovy"]
[Date "2016.07.09"]
[Round "8"]
[White "Drahoradova, Zuzana"]
[Black "Rosenbaumova, Lea"]
[Result "1/2-1/2"]
[WhiteElo "1673"]
[BlackElo "1351"]
[PlyCount "46"]
[EventDate "2016.07.02"]
[EventType "swiss"]
[EventRounds "9"]
[EventCountry "CZE"]
[SourceTitle "EXT 2019"]
[Source "ChessBase"]
[SourceDate "2018.10.10"]
[SourceVersion "1"]
[SourceVersionDate "2018.10.10"]
[SourceQuality "1"]

1. Nf3 Nf6 2. d4 e6 3. Bf4 c5 4. e3 Nc6 5. c3 a6 6. Bd3 Be7 7. 0-0 0-0 8. Nbd2 Nh5 9. Bg3 Nxg3 10. fxg3 d5 11. Qe2 f5 12. c4 dxc4 13. Bxc4 cxd4 14. Nb3 dxe3 15. Qxe3 Kh8 16. Bxe6 Bxe6 17. Qxe6 Qb6+ 18. Kh1 Rae8 19. Ne5 Rf6 20. Nf7+ Kg8 21. Nh6+ Kh8 22. Nf7+ Kg8 23. Nh6+ Kh8 1/2-1/2

[Event "Klatovy op-B 22nd"]
[Site "Klatovy"]
[Date "2016.07.04"]
[Round "3"]
[White "Flajsman, Petr"]
[Black "Drahoradova, Zuzana"]
[Result "1/2-1/2"]
[WhiteElo "1529"]
[BlackElo "1673"]
[PlyCount "65"]
[EventDate "2016.07.02"]
[EventType "swiss"]
[EventRounds "9"]
[EventCountry "CZE"]
[SourceTitle "EXT 2019"]
[Source "ChessBase"]
[SourceDate "2018.10.10"]
[SourceVersion "1"]
[SourceVersionDate "2018.10.10"]
[SourceQuality "1"]

1. e4 d6 2. d4 Nf6 3. Nc3 g6 4. Nf3 Bg7 5. Bc4 0-0 6. Bb3 Bg4 7. h3 Bxf3 8. gxf3 Nc6 9. Be3 e5 10. d5 Na5 11. a3 Nxb3 12. cxb3 a6 13. Qc2 Nh5 14. 0-0-0 Rc8 15. Kb1 Qf6 16. Qe2 Nf4 17. Bxf4 exf4 18. h4 h5 19. Qd2 Rfd8 20. Ne2 c5 21. dxc6 Rxc6 22. Nxf4 Rdc8 23. Nd5 Qe5 24. Rc1 Kh7 25. Rxc6 Rxc6 26. Nc3 Qa5 27. Rc1 Bh6 28. f4 Qd8 29. Rh1 Qf6 30. Nd5 Qe6 31. f3 Rc5 32. b4 Rc6 33. Rh2 1/2-1/2